Informe consolidado : (Registro nro. 7365)
[ vista simple ]
| 000 -LEADER | |
|---|---|
| fixed length control field | 00975nam a22002297a 4500 |
| 003 - CONTROL NUMBER IDENTIFIER | |
| control field | OSt |
| 005 - DATE AND TIME OF LATEST TRANSACTION | |
| control field | 20210228161804.0 |
| 008 - FIXED-LENGTH DATA ELEMENTS--GENERAL INFORMATION | |
| fixed length control field | 210228s2012 ck a|||grt||| 001 0 spa d |
| 020 ## - INTERNATIONAL STANDARD BOOK NUMBER | |
| International Standard Book Number | 9789589897478 |
| 040 ## - CATALOGING SOURCE | |
| Original cataloging agency | CO-JMCR |
| Transcribing agency | CO-JMCR |
| 041 0# - LANGUAGE CODE | |
| Language code of text/sound track or separate title | spa |
| 082 04 - DEWEY DECIMAL CLASSIFICATION NUMBER | |
| Classification number | 339.3209861 / |
| Item number | C718i |
| Edition number | 23 |
| 110 1# - MAIN ENTRY--CORPORATE NAME | |
| Corporate name or jurisdiction name as entry element | Colombia. |
| Subordinate unit | Contaduría General de la Nación |
| 9 (RLIN) | 11313 |
| 245 10 - TITLE STATEMENT | |
| Title | Informe consolidado : |
| Remainder of title | control interno contable, 2011 / |
| Statement of responsibility, etc. | Contaduría General de la Nación |
| 260 ## - PUBLICATION, DISTRIBUTION, ETC. | |
| Place of publication, distribution, etc. | Bogotá : |
| Name of publisher, distributor, etc. | Contaduría General de la Nación, |
| Date of publication, distribution, etc. | 2012 |
| 300 ## - PHYSICAL DESCRIPTION | |
| Extent | 155 páginas : |
| Other physical details | ilustraciones ; |
| Dimensions | 24 cm. |
| 500 ## - GENERAL NOTE | |
| General note | "Entidades del sector público colombiano, Subcontaduría de Consolidación de la Información" --Portada |
| 500 ## - GENERAL NOTE | |
| General note | Incluye índice de tablas y gráficas |
| 505 0# - FORMATTED CONTENTS NOTE | |
| Formatted contents note | Metodología -- Resultados 2011 -- Etapas del proceso contable y otros elementos de control -- Anexos |
| 650 14 - SUBJECT ADDED ENTRY--TOPICAL TERM | |
| Topical term or geographic name entry element | Hacienda pública |
| General subdivision | Contabilidad |
| Geographic subdivision | Colombia |
| Form subdivision | Informes |
| 9 (RLIN) | 14065 |
| 942 ## - ADDED ENTRY ELEMENTS (KOHA) | |
| Source of classification or shelving scheme | Dewey Decimal Classification |
| Koha item type | Books |
| Withdrawn status | Lost status | Source of classification or shelving scheme | Damaged status | Not for loan | Home library | Current library | Date acquired | Source of acquisition | Total Checkouts | Full call number | Barcode | Date last seen | Copy number | Price effective from | Koha item type |
|---|---|---|---|---|---|---|---|---|---|---|---|---|---|---|---|
| Dewey Decimal Classification | Biblioteca Pública José María del Castillo y Rada | Biblioteca Pública José María del Castillo y Rada | 02/28/2021 | Donación | 339.3209861 / C718i | 201810607 | 05/16/2024 | Ej.1 | 02/28/2021 | Books |